Numéros des départements français de 41 à 50 - Statistiques

Statistiques générales
  • Ce quiz a été pris 5 fois
  • Le résultat moyen est 9 sur 10
Statistiques - réponses
Hint Réponse % Correct
42 Loire
100%
44 Loire-Atlantique
100%
45 Loiret
100%
46 Lot
100%
47 Lot-et-Garonne
100%
48 Lozère
100%
50 Manche
100%
43 Haute-Loire
80%
41 Loir-et-Cher
80%
49 Maine-et-Loire
60%
Aucun quiz correspondant
Distribution des résultats
% des personnes avec chaque résultat
Percentile par nombre de réponses
Votre historique - résultats
Vous n’avez pas pris ce quiz